Missing Word: American Landmarks (A-Z) Quiz Stats

 Plays Quiz Updated Nov 19, 2017

Score 0/25 Timer 04:00
1 Play Today
Landmark Missing Word % Correct
Walt _____ World (D)Disney
98.5%
John F. _____ Space Center (K)Kennedy
97.5%
_____ Harbor (P)Pearl
96.6%
Hollywood _____ of Fame (W)Walk
96.4%
The _____ Bell (L)Liberty
94.6%
_____ Square (T)Times
93.4%
_____ Needle (S)Space
92.8%
_____ Gate Bridge (G)Golden
92.6%
_____ Dam (H)Hoover
92.6%
French _____ (Q)Quarter
91.8%
National Museum of _____ History (N)Natural
89%
_____ National Park (Y)Yellowstone
83.6%
_____ Sumter (F)Fort
83.4%
Landmark Missing Word % Correct
Art _____ of Chicago (I)Institute
83.1%
_____ Station (U)Union
82.9%
The _____ Mission in San Antonio (A)Alamo
82.3%
Grand Ole _____ (O)Opry
82%
_____ Forge National Historic Park (V)Valley
80.5%
_____ Memorial (J)Jefferson
78.3%
_____ Gardens Tampa Bay (B)Busch
64.5%
_____ Museum of Art (M)Metropolitan
63.7%
Biltmore _____ (E)Estate
52%
_____ Miami (Z)Zoo
47.3%
_____ Point (C)Cedar
46.1%
_____ Tower (R)Reunion
10%

Today's Daily Dose

You're not logged in!

Compare scores with friends on all Sporcle quizzes.
OR
Log In

Show Comments

Extras

Top Quizzes Today


Score Distribution

Your Account Isn't Verified!

In order to create a playlist on Sporcle, you need to verify the email address you used during registration. Go to your Sporcle Settings to finish the process.

Report this User

Report this user for behavior that violates our Community Guidelines.

Details: